000 00761cam a2200241 4500
001 M91546
008 090401t1998 xxu||||| |||| 00| 0 eng d
035 _a(Sirsi) u99380
041 _aeng
110 _aRoyal Institution of Chartered Surveyors
_94900
245 _aEuropean spatial development.
260 _aLondon
_bRICS
_c1998
300 _a5p. ; 30cm.
350 _a0
490 _aRICS Policy Unit Submission
_vPU/SUB/006
520 _aPrepared in response to a questionnaire from the DETR. Available from the Internet at http://www.rics.org.uk/parliament
650 _aEUROPE
650 _aEUROPEAN SPATIAL DEVELOPMENT PERSPECTIVE
650 _aREGIONAL PLANNING
690 _aPLANNING LAW AND PRACTICE
942 _n0
948 _c07/05/1998
999 _c99289
_d99289